[Event "Titled Tuesday intern op 16th Apr Late"]
[Site "Chess.com INT"]
[Date "2024.04.16"]
[Round "10"]
[White "Mullodzhanov, Nathaniel"]
[Black "Micic, Aleksa"]
[Result "1-0"]
[WhiteElo "1927"]
[BlackElo "2223"]
[PlyCount "243"]
[EventDate "2024.04.16"]
[EventType "swiss (blitz)"]
[EventRounds "11"]
[EventCountry "USA"]
[SourceTitle "CB17_2024"]
[SourceDate "2024.04.24"]
[SourceVersion "1"]
[SourceVersionDate "2024.04.24"]
[SourceQuality "1"]

1. e4 c5 2. c3 e6 3. Nf3 Nc6 4. d4 d5 5. exd5 Qxd5 6. Na3 a6 7. Nc4 Qd8 8. Be3 b5 9. Nce5 Nxe5 10. Nxe5 Bb7 11. dxc5 Qc7 12. c6 Bxc6 13. Nxc6 Qxc6 14. Qc2 Nf6 15. 0-0-0 Bc5 16. Bf4 0-0 17. f3 Nd5 18. Bd2 Rac8 19. Bd3 g6 20. Rde1 b4 21. c4 Nb6 22. h4 Qa4 23. b3 Qa3+ 24. Kb1 Bd4 25. Bc1 Qa5 26. Qe2 Bc3 27. Rd1 Qe5 28. Qxe5 Bxe5 29. Be4 a5 30. Be3 Rb8 31. h5 a4 32. Bc5 Rfc8 33. Be3 axb3 34. axb3 Na8 35. hxg6 hxg6 36. f4 Bg7 37. g4 Nc7 38. f5 exf5 39. gxf5 Re8 40. Bf4 Rxe4 41. Bxc7 Rc8 42. Bd6 gxf5 43. Bxb4 Rb8 44. Bd2 Rxb3+ 45. Kc2 Rb2+ 46. Kd3 Rd4+ 47. Ke3 f4+ 48. Ke2 Rxc4 49. Rhf1 Bc3 50. Rg1+ Kf8 51. Rgf1 Re4+ 52. Kd3 Bxd2 53. Kxe4 Be3 54. Rd7 Ke8 55. Rc7 Rb4+ 56. Kf5 Rb5+ 57. Kg4 f5+ 58. Kf3 Bb6 59. Rg7 Kf8 60. Rh7 Be3 61. Rh8+ Kg7 62. Rh5 Kg6 63. Rh8 Kf6 64. Rf8+ Ke6 65. Ra8 Rb3 66. Ra6+ Kd5 67. Rd1+ Kc4 68. Ra4+ Kb5 69. Ra2 Bd2+ 70. Ke2 Be3 71. Rd5+ Kc4 72. Rxf5 Rc3 73. Ra4+ Kb3 74. Ra8 Rc2+ 75. Kf3 Rf2+ 76. Ke4 Rf1 77. Rb8+ Kc4 78. Rc8+ Kb4 79. Re8 Kc3 80. Kd5 Rd1+ 81. Kc6 Rd4 82. Re6 Kd3 83. Kc7 Rc4+ 84. Kd7 Ke2 85. Ke7 f3 86. Rfe5 Rc3 87. Rh6 f2 88. Rh2 Ke1 89. Rxf2 Kxf2 90. Re6 Ke2 91. Kf7 Kd3 92. Ke7 Bd4 93. Kd7 Rc5 94. Re8 Rd5+ 95. Ke6 Re5+ 96. Kf7 Ra5 97. Re6 Kc4 98. Rg6 Kd5 99. Rg5+ Be5 100. Rg6 Ra7+ 101. Kg8 Ke4 102. Kf8 Kf5 103. Rc6 Bf6 104. Ke8 Kg6 105. Rc2 Re7+ 106. Kf8 Rd7 107. Rg2+ Bg5 108. Re2 Rd8+ 109. Re8 Rd7 110. Re6+ Bf6 111. Re2 Rd8+ 112. Re8 Rd7 113. Re2 Bg7+ 114. Ke8 Ra7 115. Re6+ Kf5 116. Rc6 Be5 117. Kf8 Bf6 118. Ke8 Kg6 119. Rc1 Re7+ 120. Kf8 Rd7 121. Re1 Rd8+ 122. Re8 1-0

[Event "Titled Tuesday intern op 16th Apr Late"]
[Site "Chess.com INT"]
[Date "2024.04.16"]
[Round "3"]
[White "Mullodzhanov, Nathaniel"]
[Black "Paravyan, David"]
[Result "0-1"]
[WhiteElo "1927"]
[BlackElo "2606"]
[PlyCount "80"]
[EventDate "2024.04.16"]
[EventType "swiss (blitz)"]
[EventRounds "11"]
[EventCountry "USA"]
[SourceTitle "CB17_2024"]
[SourceDate "2024.04.24"]
[SourceVersion "1"]
[SourceVersionDate "2024.04.24"]
[SourceQuality "1"]

1. e4 e5 2. Nf3 Nf6 3. Nxe5 d6 4. Nf3 Nxe4 5. d4 d5 6. Bd3 Bd6 7. 0-0 0-0 8. c3 c6 9. Qc2 Re8 10. Nbd2 Bf5 11. Nb3 Nd7 12. Be3 Ndf6 13. Rfe1 Ng4 14. g3 Qf6 15. Nh4 Bd7 16. f3 Nxe3 17. Rxe3 Ng5 18. Rxe8+ Rxe8 19. f4 Bxf4 20. gxf4 Nh3+ 21. Kh1 Qxh4 22. Rf1 Re1 23. Qd2 Nf2+ 24. Kg1 Nxd3 25. Qxd3 Bh3 26. Qxh3 Qxh3 27. Rxe1 g6 28. Nc5 Qg4+ 29. Kf2 Qxf4+ 30. Ke2 Qxh2+ 31. Kd3 b6 32. Nb3 h5 33. Re8+ Kg7 34. Re7 h4 35. Nd2 h3 36. Nf3 Qf4 37. Ne5 h2 38. Rxf7+ Qxf7 39. Nxf7 Kxf7 40. Ke2 h1Q 0-1

[Event "Titled Tuesday intern op 16th Apr Late"]
[Site "Chess.com INT"]
[Date "2024.04.16"]
[Round "1"]
[White "Phillips, Rene"]
[Black "Mullodzhanov, Nathaniel"]
[Result "1-0"]
[WhiteElo "1911"]
[BlackElo "1927"]
[PlyCount "77"]
[EventDate "2024.04.16"]
[EventType "swiss (blitz)"]
[EventRounds "11"]
[EventCountry "USA"]
[SourceTitle "CB17_2024"]
[SourceDate "2024.04.24"]
[SourceVersion "1"]
[SourceVersionDate "2024.04.24"]
[SourceQuality "1"]

1. Nf3 d5 2. d4 Nf6 3. Bf4 g6 4. e3 Bg7 5. h3 0-0 6. Bd3 c5 7. c3 Nc6 8. Nbd2 h6 9. Ne5 Nxe5 10. Bxe5 c4 11. Bc2 b5 12. 0-0 a5 13. a3 Be6 14. e4 Nxe4 15. Bxg7 Nxd2 16. Bxf8 Nxf1 17. Bxh6 b4 18. axb4 axb4 19. Rxa8 Qxa8 20. Kxf1 b3 21. Bb1 Kh7 22. Bg5 Qa1 23. Bxg6+ Kxg6 24. Qxa1 Kxg5 25. Qc1+ Kg6 26. f4 Bf5 27. Kf2 e6 28. Qe3 Be4 29. g4 f5 30. Qg3 Kf6 31. Qh4+ Kg7 32. Qe7+ Kg6 33. Qxe6+ Kg7 34. g5 Bc2 35. h4 Bd1 36. Qf6+ Kg8 37. g6 Bf3 38. Qf7+ Kh8 39. Qh7# 1-0

[Event "Titled Tuesday intern op 12th Mar Late"]
[Site "Chess.com INT"]
[Date "2024.03.12"]
[Round "4"]
[White "Gordon, David"]
[Black "Mullodzhanov, Nathaniel"]
[Result "0-1"]
[WhiteElo "2031"]
[BlackElo "1927"]
[PlyCount "82"]
[EventDate "2024.03.12"]
[EventType "swiss (blitz)"]
[EventRounds "11"]
[EventCountry "USA"]
[SourceTitle "CB12_2024"]
[SourceDate "2023.10.01"]
[SourceVersion "1"]
[SourceVersionDate "2023.10.01"]
[SourceQuality "1"]

1. d4 Nf6 2. Bg5 g6 3. Bxf6 exf6 4. g3 d5 5. Bg2 Bg7 6. e3 0-0 7. Nd2 a5 8. Ne2 f5 9. 0-0 Nd7 10. c4 dxc4 11. Nxc4 c6 12. Nd6 Nf6 13. Nxc8 Qxc8 14. Qb3 b5 15. Rac1 Ne4 16. Bxe4 fxe4 17. Rc5 Re8 18. Rfc1 Qg4 19. Nf4 Bh6 20. Ng2 a4 21. Qd1 Qxd1+ 22. Rxd1 Re6 23. Rdc1 Ra6 24. d5 cxd5 25. Rxb5 Red6 26. Rd1 Rac6 27. Nf4 Bxf4 28. gxf4 Rc2 29. a3 f5 30. Rd4 Kg7 31. Rxa4 Rdc6 32. Rd4 Re2 33. Rdxd5 Rc1+ 34. Kg2 Rcc2 35. Rd7+ Kh6 36. Rbb7 Rxf2+ 37. Kg1 Kh5 38. Rxh7+ Kg4 39. Rbg7 Kf3 40. Rh3+ Ke2 41. Rxg6 Rc1# 0-1

[Event "Titled Tuesday intern op 27th Feb Late"]
[Site "Chess.com INT"]
[Date "2024.02.27"]
[Round "7"]
[White "Ambartsumova, Karina"]
[Black "Mullodzhanov, Nathaniel"]
[Result "1/2-1/2"]
[WhiteElo "2418"]
[BlackElo "1878"]
[PlyCount "167"]
[EventDate "2024.02.27"]
[EventType "swiss (blitz)"]
[EventRounds "11"]
[EventCountry "USA"]
[SourceTitle "CB10_2024"]
[SourceDate "2024.03.06"]
[SourceVersion "1"]
[SourceVersionDate "2024.03.06"]
[SourceQuality "1"]

1. d4 Nf6 2. c4 g6 3. Nc3 Bg7 4. Nf3 0-0 5. g3 d6 6. Bg2 c5 7. 0-0 Nc6 8. d5 Na5 9. Nd2 e6 10. e4 exd5 11. cxd5 a6 12. a4 Ng4 13. Qe2 Re8 14. h3 Ne5 15. f4 Nd7 16. Nc4 Nxc4 17. Qxc4 b5 18. Qd3 Qb6 19. Kh2 b4 20. a5 Qc7 21. Nd1 c4 22. Qf3 Rb8 23. Be3 c3 24. bxc3 bxc3 25. Rc1 c2 26. Nf2 Bb2 27. Nd3 Bxc1 28. Bxc1 Qxa5 29. f5 Re7 30. f6 Re5 31. Nxe5 Nxe5 32. Qf4 Qd8 33. Qd2 Nd7 34. Qxc2 Nxf6 35. Bb2 Nd7 36. Qc3 Ne5 37. Ba3 Qe7 38. Rc1 Bd7 39. Qc7 Rc8 40. Qxd6 Qxd6 41. Rxc8+ Bxc8 42. Bxd6 Nc4 43. Bc5 a5 44. Bf1 Nd2 45. Bd3 a4 46. Ba3 f6 47. Kg2 Kf7 48. Kf2 Nb3 49. g4 h5 50. gxh5 gxh5 51. h4 Bg4 52. Ke3 Bd7 53. Be2 Kg6 54. Bd3 Kf7 55. Kf4 Na5 56. Ke3 Nb7 57. Kd4 Nd8 58. Kc5 Kg7 59. Kd6 Bg4 60. Bb5 Nf7+ 61. Ke7 Ne5 62. Bxa4 Ng6+ 63. Kd6 Nxh4 64. Bb2 Ng6 65. Bc6 h4 66. Bd4 h3 67. Bg1 Ne5 68. Ke7 Nf3 69. d6 h2 70. Bxh2 Nxh2 71. d7 Bxd7 72. Bxd7 Nf3 73. Bf5 Ne5 74. Ke6 Nc6 75. Kd6 Nd8 76. Kd5 Nf7 77. Kd4 Ne5 78. Ke3 Nf7 79. Kf4 Ne5 80. Be6 Nf7 81. Bxf7 Kxf7 82. Kf5 Ke7 83. e5 fxe5 84. Kxe5 1/2-1/2

[Event "Titled Tuesday intern op 27th Feb Late"]
[Site "Chess.com INT"]
[Date "2024.02.27"]
[Round "6"]
[White "Ghosh, Chanchal Kumer"]
[Black "Mullodzhanov, Nathaniel"]
[Result "0-1"]
[WhiteElo "2026"]
[BlackElo "1878"]
[PlyCount "154"]
[EventDate "2024.02.27"]
[EventType "swiss (blitz)"]
[EventRounds "11"]
[EventCountry "USA"]
[SourceTitle "CB10_2024"]
[SourceDate "2024.03.06"]
[SourceVersion "1"]
[SourceVersionDate "2024.03.06"]
[SourceQuality "1"]

1. e4 c6 2. Nf3 d5 3. Nc3 Bg4 4. exd5 cxd5 5. Bb5+ Nc6 6. Ne5 Bxd1 7. Nxc6 Qb6 8. Nxd5 Qxb5 9. Nc7+ Kd7 10. Nxb5 bxc6 11. Nd4 Bh5 12. 0-0 e5 13. Nb3 f6 14. d4 exd4 15. Nxd4 Bg6 16. c3 c5 17. Nb3 Bc2 18. Be3 Bxb3 19. axb3 Bd6 20. Ra5 Ne7 21. Rd1 Kc7 22. Bxc5 Bxc5 23. Rxc5+ Nc6 24. b4 Rad8 25. Ra1 Kb6 26. g3 Rd2 27. Re1 a5 28. Re6 Rc8 29. Rxa5 Rxb2 30. Rh5 h6 31. Rc5 Rb3 32. h4 Kb7 33. b5 Ne5 34. Re7+ Kb8 35. Rxc8+ Kxc8 36. Rxg7 Rxb5 37. Rh7 h5 38. Kg2 Ng4 39. f3 Rb2+ 40. Kg1 Ne5 41. Rxh5 Nxf3+ 42. Kf1 Kd7 43. Rf5 Nh2+ 44. Kg1 Ng4 45. Rf4 Rb1+ 46. Kg2 f5 47. h5 Ke6 48. c4 Rb2+ 49. Kg1 Rc2 50. Rd4 Kf6 51. Kf1 Kg5 52. Rf4 Rxc4 53. Rxc4 Ne3+ 54. Ke2 Nxc4 55. Kf3 Ne5+ 56. Ke3 Ng4+ 57. Kf3 Kxh5 58. Kf4 Kg6 59. Kf3 Kg5 60. Kg2 Nf6 61. Kf3 Nh5 62. Kg2 Kg4 63. Kh2 Nxg3 64. Kg2 f4 65. Kf2 f3 66. Kg1 Ne4 67. Kf1 Kg3 68. Kg1 f2+ 69. Kf1 Nd2+ 70. Ke2 f1Q+ 71. Kxd2 Qf3 72. Kc2 Kf4 73. Kd2 Ke4 74. Kc2 Kd4 75. Kd2 Qg2+ 76. Ke1 Kd3 77. Kd1 Qg1# 0-1

[Event "Titled Tuesday intern op 27th Feb Late"]
[Site "Chess.com INT"]
[Date "2024.02.27"]
[Round "3"]
[White "Mikhalchenko, Petr"]
[Black "Mullodzhanov, Nathaniel"]
[Result "1-0"]
[WhiteElo "2322"]
[BlackElo "1878"]
[PlyCount "105"]
[EventDate "2024.02.27"]
[EventType "swiss (blitz)"]
[EventRounds "11"]
[EventCountry "USA"]
[SourceTitle "CB10_2024"]
[SourceDate "2024.03.06"]
[SourceVersion "1"]
[SourceVersionDate "2024.03.06"]
[SourceQuality "1"]

1. d4 Nf6 2. Bf4 g6 3. Nc3 d5 4. Nb5 Na6 5. e3 Bg7 6. h4 Ne4 7. h5 g5 8. h6 Bf8 9. Be5 Rg8 10. Nc3 Nxc3 11. bxc3 f6 12. Qh5+ Rg6 13. Qxg6+ hxg6 14. h7 fxe5 15. h8Q Bf5 16. Qxe5 Qd7 17. a4 e6 18. Bb5 c6 19. Bxa6 bxa6 20. Rb1 Bxc2 21. Rb8+ Rxb8 22. Qxb8+ Kf7 23. Rh7+ Bg7 24. Nf3 Qe7 25. Nxg5+ Qxg5 26. Qc7+ Qe7 27. Rxg7+ Kxg7 28. Qxe7+ Kh6 29. a5 Bd3 30. f4 Bf5 31. g3 Bg4 32. Qxa7 Bf5 33. Qxa6 Be4 34. Qxc6 Bd3 35. Qxe6 Bc4 36. Qe7 Ba6 37. Kf2 Bb5 38. g4 g5 39. fxg5+ Kg6 40. Qf6+ Kh7 41. g6+ Kh6 42. Qf7 Bd3 43. g7 Bh7 44. Qf6+ Bg6 45. g5+ Kh7 46. Qxg6+ Kxg6 47. g8Q+ Kh5 48. g6 Kg5 49. Qf7 Kh5 50. g7+ Kh6 51. Kf3 Kg5 52. g8Q+ Kh4 53. Qfh7# 1-0

[Event "Titled Tuesday intern op 27th Feb Late"]
[Site "Chess.com INT"]
[Date "2024.02.27"]
[Round "8"]
[White "Mullodzhanov, Nathaniel"]
[Black "Vlassov, Nikolai"]
[Result "0-1"]
[WhiteElo "1878"]
[BlackElo "2299"]
[PlyCount "146"]
[EventDate "2024.02.27"]
[EventType "swiss (blitz)"]
[EventRounds "11"]
[EventCountry "USA"]
[SourceTitle "CB10_2024"]
[SourceDate "2024.03.06"]
[SourceVersion "1"]
[SourceVersionDate "2024.03.06"]
[SourceQuality "1"]

1. e4 Nc6 2. d4 d5 3. e5 h5 4. c3 Bg4 5. Be2 Qd7 6. Nd2 0-0-0 7. a4 f6 8. f4 g5 9. g3 Nh6 10. Nb3 gxf4 11. gxf4 fxe5 12. fxe5 e6 13. Bxh6 Rxh6 14. Bxg4 hxg4 15. Qxg4 Qh7 16. 0-0-0 Rg6 17. Qe2 Bh6+ 18. Nd2 Na5 19. Ngf3 Nb3+ 20. Kc2 Rg2+ 21. Qd3 Qxd3+ 22. Kxd3 Nxd2 23. Nxd2 Rf8 24. Rhg1 Rxh2 25. Kc2 Rff2 26. Rg6 Rxd2+ 27. Rxd2 Rxd2+ 28. Kb3 Be3 29. Rxe6 Re2 30. Rg6 Bc1 31. c4 Rxb2+ 32. Kc3 dxc4 33. Kxc4 Re2 34. Kd5 c6+ 35. Ke6 Re4 36. d5 cxd5 37. Kxd5 Rxa4 38. Kd6 Ba3+ 39. Kd5 Ra5+ 40. Ke4 Kc7 41. e6 Be7 42. Kd4 Kd6 43. Kc4 Rc5+ 44. Kb4 a5+ 45. Kb3 Re5 46. Ka4 Rxe6 47. Rg2 b6 48. Rd2+ Kc6 49. Rc2+ Bc5 50. Rb2 Re3 51. Rxb6+ Kd5 52. Ra6 Ra3+ 53. Kb5 Bb4 54. Rh6 Ra1 55. Rh5+ Kd4 56. Rh4+ Kc3 57. Rh3+ Kc2 58. Rh2+ Kb3 59. Rh4 Bc3 60. Kc5 a4 61. Rh5 a3 62. Rh7 Bb4+ 63. Kb5 a2 64. Rh3+ Bc3 65. Rh4 Rb1 66. Re4 a1Q 67. Kc5 Qa5+ 68. Kd6 Rd1+ 69. Ke6 Qd5+ 70. Ke7 Qxe4+ 71. Kf7 Rf1+ 72. Kg8 Qg2+ 73. Kh7 Rh1# 0-1

[Event "Titled Tuesday intern op 13th Feb Late"]
[Site "Chess.com INT"]
[Date "2024.02.13"]
[Round "3"]
[White "Mullodzhanov, Nathaniel"]
[Black "Han, Yichen"]
[Result "0-1"]
[WhiteElo "1878"]
[BlackElo "2414"]
[PlyCount "128"]
[EventDate "2024.02.13"]
[EventType "swiss (blitz)"]
[EventRounds "11"]
[EventCountry "USA"]
[SourceTitle "CB08_2024"]
[SourceDate "2024.02.21"]
[SourceVersion "1"]
[SourceVersionDate "2024.02.21"]
[SourceQuality "1"]

1. e4 c6 2. Nc3 d5 3. Nf3 dxe4 4. Nxe4 Nf6 5. Nxf6+ exf6 6. d4 Bd6 7. Bd3 0-0 8. 0-0 Nd7 9. Re1 Re8 10. c3 Nf8 11. h3 Be6 12. Qc2 Qc7 13. Bd2 Rad8 14. c4 c5 15. d5 Bc8 16. Bc3 a6 17. a4 Ng6 18. Bf5 Re7 19. Rxe7 Bxe7 20. Re1 Bd6 21. b3 Bd7 22. h4 Nf8 23. g3 Re8 24. Rxe8 Bxe8 25. Kg2 b5 26. axb5 axb5 27. Qa2 Qb7 28. Kh2 h6 29. Kg2 Bd7 30. Bxd7 Nxd7 31. Qe2 b4 32. Bb2 Kf8 33. Nd2 Qc7 34. Qd3 Kg8 35. Ne4 Ne5 36. Qc2 Bf8 37. Bc1 Qc8 38. Bf4 Qd8 39. Be3 Qc8 40. Qe2 Ng4 41. Bf4 Ne5 42. Qa2 Qf5 43. Qb1 Qg4 44. Nd2 Ng6 45. Be3 Nxh4+ 46. Kf1 Nf5 47. Bf4 Nd4 48. Qe4 Qd1+ 49. Kg2 Qg4 50. f3 Qd7 51. Qb1 Qe8 52. Ne4 f5 53. Nf2 Qe2 54. Qd3 Qxd3 55. Nxd3 Nxb3 56. Be3 Nd4 57. Bxd4 cxd4 58. c5 b3 59. d6 f6 60. Nc1 b2 61. d7 Be7 62. c6 bxc1Q 63. f4 Qxc6+ 64. Kh3 Qh1# 0-1

[Event "Titled Tuesday intern op 13th Feb Late"]
[Site "Chess.com INT"]
[Date "2024.02.13"]
[Round "5"]
[White "Mullodzhanov, Nathaniel"]
[Black "Schut, Han"]
[Result "1-0"]
[WhiteElo "1878"]
[BlackElo "2091"]
[PlyCount "61"]
[EventDate "2024.02.13"]
[EventType "swiss (blitz)"]
[EventRounds "11"]
[EventCountry "USA"]
[SourceTitle "CB08_2024"]
[SourceDate "2024.02.21"]
[SourceVersion "1"]
[SourceVersionDate "2024.02.21"]
[SourceQuality "1"]

1. e4 c5 2. c3 g6 3. d4 cxd4 4. cxd4 d5 5. e5 Nc6 6. Nc3 Nh6 7. Nf3 Bg4 8. Bb5 Rc8 9. h3 Bxf3 10. Qxf3 Nf5 11. Be3 Nxe3 12. fxe3 Bh6 13. 0-0 0-0 14. Nxd5 a6 15. Bxc6 Rxc6 16. Rac1 Rxc1 17. Rxc1 Kh8 18. Kh2 e6 19. Nf4 Qb6 20. b3 Qb4 21. Rc7 b5 22. Ra7 Qa5 23. Qe2 Qb6 24. Rd7 Qc6 25. Rd6 Qc1 26. Qf2 Rc8 27. Rd7 Kg8 28. Nxe6 f5 29. exf6 Qxe3 30. f7+ Kh8 31. Qf6+ 1-0